Soldadura / James A. Pender (Registro nro. 12853)
[ vista simple ]
| 000 -LÍDER | |
|---|---|
| fixed length control field | 00440nam a2200169 4500 |
| 008 - ELEMENTOS DE LONGITUD FIJA -- INFORMACIÓN GENERAL | |
| fixed length control field | 0 1989 0a 000 0MEX |
| 020 ## - NÚMERO INTERNACIONAL NORMALIZADO PARA LIBROS | |
| ISBN | 968-422-457-5 |
| 050 ## - SIGNATURA TOPOGRAFICA DE LA BIBLIOTECA DEL CONGRESO (LC) | |
| Número de Clasificación | TK4660 P44 1989 |
| 082 ## - NUMERO DE CLASIFICACION DECIMAL DEWEY | |
| Número de Clasificación | 671.52 P562s |
| 100 ## - ASIENTO PRINCIPAL--NOMBRE PERSONAL | |
| Nombre personal | Pender, James A. |
| 245 ## - TÍTULO | |
| Título | Soldadura / James A. Pender |
| 250 ## - MENCIÓN DE EDICIÓN | |
| Mención de edición | 3 |
| 260 ## - PUBLICACIÓN, DISTRIBUCIÓN, ETC. (PIE DE IMPRENTA) | |
| Lugar de publicación, distribución, etc. | México : McGraw-Hill |
| 300 ## - DESCRIPCIÓN FÍSICA | |
| Extensión | 308 p. / 25 cm. |
| 650 ## - ASIENTO SECUNDARIO DE MATERIA - TERMINO TEMÁTICO | |
| Término temático o nombre geográfico como elemento de entrada | 1.SOLDADURA |
| 700 ## - ASIENTO SECUNDARIO - NOMBRE PERSONAL | |
| Nombre personal | Noriega, Francisco G. Tr. |
| No. biblioteca | No. biblioteca | Número de clasificación | Código de barras/Número de adquisición | Número de copia | Tipo de material |
|---|---|---|---|---|---|
| LUIS G. INCLAN | LUIS G. INCLAN | 671.52 P562s | 17175 | 3 | Libros |
| LUIS G. INCLAN | LUIS G. INCLAN | 671.52 P562s | 17856 | 4 | Libros |
| LUIS G. INCLAN | LUIS G. INCLAN | 671.52 P562s | 23484 | 5 | Libros |
| LUIS G. INCLAN | LUIS G. INCLAN | 671.52 P562s | 38777 | 6 | Libros |
| LUIS G. INCLAN | LUIS G. INCLAN | 671.52 P562s | 38778 | 7 | Libros |
| LUIS G. INCLAN | LUIS G. INCLAN | 671.52 P562s | 38779 | 8 | Libros |
| LUIS G. INCLAN | LUIS G. INCLAN | 671.52 P562s | 42367 | 9 | Libros |
| LUIS G. INCLAN | LUIS G. INCLAN | 671.52 P562s | 42368 | 10 | Libros |
| LUIS G. INCLAN | LUIS G. INCLAN | 671.52 P562s | 42369 | 11 | Libros |
| LUIS G. INCLAN | LUIS G. INCLAN | 671.52 P562s | 43998 | 12 | Libros |
